[Event "Moscow Kolomenskaya op"]
[Site "Moscow"]
[Date "2015.10.17"]
[Round "2"]
[White "Sysoev, Vjacheslav"]
[Black "Dmitrenko, Viktor"]
[Result "1-0"]
[WhiteElo "2303"]
[BlackElo "2333"]
[PlyCount "95"]
[EventDate "2015.10.16"]
[EventType "swiss"]
[EventRounds "9"]
[EventCountry "RUS"]
[SourceTitle "CBM 169 Extra"]
[Source "ChessBase"]
[SourceDate "2015.12.18"]
[SourceVersion "1"]
[SourceVersionDate "2015.12.18"]
[SourceQuality "1"]

1. e4 e6 2. Qe2 c5 3. Nf3 Nc6 4. g3 g6 5. Bg2 Bg7 6. 0-0 d6 7. c3 Nge7 8. Na3 0-0 9. Nc2 e5 10. Rd1 f5 11. d3 h6 12. b4 cxb4 13. cxb4 a6 14. Bb2 Qb6 15. Nd2 Be6 16. a3 d5 17. exd5 Bxd5 18. Nc4 Qc7 19. N2e3 Bxg2 20. Nxg2 Rae8 21. Rac1 Nd5 22. Na5 Qb6 23. Nxc6 bxc6 24. Rc5 Kh7 25. Rdc1 Re6 26. Qc2 Rff6 27. Re1 Qb8 28. Ne3 Nb6 29. Nc4 Nd7 30. Ra5 c5 31. bxc5 Qc7 32. Qd2 f4 33. c6 Rxc6 34. Bxe5 Nxe5 35. Raxe5 Rf7 36. R5e4 fxg3 37. hxg3 Rcf6 38. f4 Rf5 39. Re5 Rxe5 40. Nxe5 Bxe5 41. Rxe5 g5 42. d4 Kg7 43. fxg5 hxg5 44. g4 Rf4 45. Rxg5+ Kh6 46. Qh2+ Kxg5 47. Qh5+ Kf6 48. Qh6+ 1-0

[Event "Moscow Kolomenskaya op"]
[Site "Moscow"]
[Date "2015.10.16"]
[Round "1"]
[White "Martynyuk, Elizaveta"]
[Black "Sysoev, Vjacheslav"]
[Result "1/2-1/2"]
[WhiteElo "2031"]
[BlackElo "2303"]
[PlyCount "96"]
[EventDate "2015.10.16"]
[EventType "swiss"]
[EventRounds "9"]
[EventCountry "RUS"]
[SourceTitle "CBM 169 Extra"]
[Source "ChessBase"]
[SourceDate "2015.12.18"]
[SourceVersion "1"]
[SourceVersionDate "2015.12.18"]
[SourceQuality "1"]

1. e4 d6 2. d4 Nf6 3. Nc3 g6 4. f3 Bg7 5. Be3 0-0 6. Qd2 e5 7. 0-0-0 exd4 8. Bxd4 Nc6 9. Be3 Be6 10. Nge2 b5 11. Nf4 b4 12. Ncd5 a5 13. Kb1 Bd7 14. g4 a4 15. g5 Nxd5 16. Nxd5 b3 17. cxb3 axb3 18. a3 Be6 19. h4 Bxd5 20. exd5 Ne7 21. Bh3 Ra4 22. h5 Qa8 23. Rh2 Ra5 24. hxg6 hxg6 25. Rdh1 Qxd5 26. Qxd5 Nxd5 27. Bd2 Ra4 28. Bd7 Rd4 29. f4 Rd8 30. Bc6 Nxf4 31. Bc3 Ne6 32. a4 Be5 33. Rh4 Rxh4 34. Rxh4 Bxc3 35. bxc3 Nc5 36. a5 Kf8 37. Rb4 Ke7 38. Rb7 Nxb7 39. Bxb7 c5 40. a6 c4 41. a7 Ke6 42. a8Q Rxa8 43. Bxa8 d5 44. Bb7 Ke5 45. Bc6 Kd6 46. Be8 Ke7 47. Bc6 Kd6 48. Be8 Ke7 1/2-1/2

[Event "Moscow op-A"]
[Site "Moscow"]
[Date "2015.02.04"]
[Round "5"]
[White "Sysoev, Vjacheslav"]
[Black "Meribanov, Vitaly"]
[Result "0-1"]
[WhiteElo "2306"]
[BlackElo "2390"]
[PlyCount "98"]
[EventDate "2015.01.31"]
[EventType "swiss"]
[EventRounds "9"]
[EventCountry "RUS"]
[SourceTitle "CBM 164 Extra"]
[Source "ChessBase"]
[SourceDate "2015.03.02"]
[SourceVersion "1"]
[SourceVersionDate "2015.03.02"]
[SourceQuality "1"]

1. e4 c5 2. Nc3 Nc6 3. g3 g6 4. Bg2 Bg7 5. d3 e6 6. Be3 d6 7. Qd2 a6 8. Nge2 Nd4 9. 0-0 Ne7 10. Rae1 0-0 11. Nd1 Nxe2+ 12. Rxe2 Nc6 13. c3 e5 14. Bh6 f5 15. Bxg7 Kxg7 16. f4 fxe4 17. dxe4 Bg4 18. Ref2 Bxd1 19. Rxd1 exf4 20. gxf4 Qh4 21. Qe3 Rad8 22. Qg3 Qe7 23. h4 Rf6 24. h5 Rdf8 25. Rd5 Qf7 26. Rg5 Qxa2 27. e5 Nxe5 28. fxe5 Qb1+ 29. Kh2 Rxf2 30. exd6 Qe4 31. d7 Rxg2+ 32. Qxg2 Qxg2+ 33. Kxg2 Rd8 34. hxg6 hxg6 35. Rd5 Kf6 36. Rd6+ Ke5 37. Rxg6 Rxd7 38. Kf3 Kd5 39. Ke3 Kc4 40. Rb6 a5 41. Ke4 Re7+ 42. Kf5 a4 43. Kf6 Rh7 44. Ke5 a3 45. bxa3 Kxc3 46. Kd5 c4 47. Rb4 Kd3 48. Kc5 c3 49. Rd4+ Ke3 0-1

[Event "Moscow op-A"]
[Site "Moscow"]
[Date "2015.02.01"]
[Round "2"]
[White "Kruzhilin, Aleksey"]
[Black "Sysoev, Vjacheslav"]
[Result "0-1"]
[WhiteElo "2141"]
[BlackElo "2306"]
[PlyCount "50"]
[EventDate "2015.01.31"]
[EventType "swiss"]
[EventRounds "9"]
[EventCountry "RUS"]
[SourceTitle "CBM 164 Extra"]
[Source "ChessBase"]
[SourceDate "2015.03.02"]
[SourceVersion "1"]
[SourceVersionDate "2015.03.02"]
[SourceQuality "1"]

1. d4 d6 2. c4 Nf6 3. Nc3 Nbd7 4. e4 e5 5. Nf3 Be7 6. Be2 c6 7. 0-0 Qc7 8. Bg5 h6 9. Bh4 g5 10. Bg3 Nh5 11. Rc1 Nf4 12. b4 Nf8 13. c5 dxc5 14. dxe5 N8g6 15. Bxf4 Nxf4 16. bxc5 g4 17. Nd2 Qxe5 18. Nc4 Qxc5 19. e5 Be6 20. Ne4 Qd5 21. Ncd6+ Kf8 22. Bxg4 Qxe5 23. Bxe6 Qxe6 24. Re1 Rg8 25. Qd2 Qh3 0-1